000 01128nam a2200325 a 4500
001 000111720
003 CHAP
005 20250813125459.0
008 150722s2015 mx a |rm |0|||||spa d
010 _a108181
011 _a109153
040 _cCHAP
090 _aTesis
100 1 _aFlores Ramírez, Josué Concepción
_9129667
245 1 0 _aFluctuación poblacional de psílido Diaphorina citri Kuwayama en limón mexicano en el municipio de Acapulco, Guerrero /
_cpor Josué Concepción Flores Ramírez.
260 _aCocula, Gro. :
_bEl autor,
_c2015.
300 _axi, 50 h. :
_bil.
502 _aTesis (Ing. Agr. Fitotecnista) -- CSAEGRO. Centro de Estudios Profesionales
590 _aE11695DGD
_b10
_c20150723
_lUCH01
_h0841
590 _aE5995AHE
_b05
_c20150722
_lUCH01
_h0927
590 _aE5995AHE
_b05
_c20150727
_lUCH01
_h1317
650 1 4 _aCítricos
_xEnfermedades por bacterias.
_924424
650 1 4 _aDiaphorina citri
_932420
650 1 4 _aLimón
_xPlagas.
_966844
650 1 4 _aPlantas
_xCuarentena.
_988811
650 1 4 _aTrampas para insectos.
_9114609
901 _aBK
942 _cTESIS
942 _n0
999 _c108181
_d108181